[Event "AUS-ch Minor"]
[Site "Cammeray"]
[Date "2013.01.11"]
[Round "9"]
[White "Schwandl, Hans"]
[Black "Farrell, Keith"]
[Result "1/2-1/2"]
[WhiteElo "1431"]
[BlackElo "1361"]
[PlyCount "64"]
[EventDate "2013.01.02"]
[EventType "swiss"]
[EventRounds "11"]
[EventCountry "AUS"]
[SourceTitle "EXT 2022"]
[Source "ChessBase"]
[SourceDate "2021.10.06"]
[SourceVersion "1"]
[SourceVersionDate "2021.10.06"]
[SourceQuality "1"]

1. e4 e5 2. Nf3 Nc6 3. Bb5 a6 4. Ba4 b5 5. Bb3 Be7 6. d3 Nf6 7. a3 0-0 8. h3 d6 9. Nc3 h6 10. Be3 Re8 11. 0-0 Bb7 12. Nh2 Nh7 13. f4 Rf8 14. Bd5 Qc8 15. f5 Bg5 16. Bxg5 Nxg5 17. h4 Nh7 18. Ng4 Qd8 19. g3 Nf6 20. Nxf6+ Qxf6 21. Qg4 Rab8 22. Qg6 Qxg6 23. fxg6 Ne7 24. gxf7+ Kh8 25. Bxb7 Rxb7 26. Rf3 c6 27. Raf1 g6 28. Rf6 Rd7 29. h5 Kg7 30. hxg6 Nxg6 31. Kg2 Rfxf7 32. Rxf7+ Rxf7 1/2-1/2

[Event "AUS-ch Minor"]
[Site "Cammeray"]
[Date "2013.01.07"]
[Round "6"]
[White "Robinson, Andrew"]
[Black "Schwandl, Hans"]
[Result "0-1"]
[WhiteElo "1331"]
[BlackElo "1431"]
[PlyCount "108"]
[EventDate "2013.01.02"]
[EventType "swiss"]
[EventRounds "11"]
[EventCountry "AUS"]
[SourceTitle "EXT 2022"]
[Source "ChessBase"]
[SourceDate "2021.10.06"]
[SourceVersion "1"]
[SourceVersionDate "2021.10.06"]
[SourceQuality "1"]

1. g4 g5 2. d4 h6 3. h4 f6 4. Qd3 Bg7 5. Nf3 d6 6. Qg6+ Kf8 7. hxg5 Qe8 8. Qxe8+ Kxe8 9. gxh6 Nxh6 10. g5 Nf5 11. Rxh8+ Bxh8 12. Bh3 Nc6 13. d5 Ncd4 14. Na3 Nxf3+ 15. exf3 c6 16. dxc6 bxc6 17. g6 Bg7 18. Nc4 Nd4 19. Bxc8 Rxc8 20. Kd1 Nxf3 21. Be3 c5 22. Ke2 Nh4 23. Rg1 Kd7 24. Bd2 Rg8 25. Ne3 Bh6 26. Rh1 Bxe3 27. Bxe3 Nxg6 28. Rg1 Nf4+ 29. Kf1 Rxg1+ 30. Kxg1 Nd5 31. Bd2 Nb4 32. Bxb4 cxb4 33. Kg2 Ke6 34. Kf3 Kd5 35. Ke3 e5 36. f3 f5 37. f4 e4 38. Ke2 Kd4 39. Kd2 e3+ 40. Ke2 Ke4 41. c3 bxc3 42. bxc3 d5 43. a3 a6 44. Ke1 Kxf4 45. Ke2 Ke4 46. Ke1 Kd3 47. c4 dxc4 48. a4 c3 49. Kd1 c2+ 50. Kc1 e2 51. a5 e1Q+ 52. Kb2 Qb1+ 53. Ka3 c1R 54. Ka4 Qb5+ 0-1

[Event "AUS-ch Minor"]
[Site "Cammeray"]
[Date "2013.01.04"]
[Round "3"]
[White "Schwandl, Hans"]
[Black "Gardiner Garden, Aelfric"]
[Result "0-1"]
[WhiteElo "1431"]
[BlackElo "1311"]
[PlyCount "68"]
[EventDate "2013.01.02"]
[EventType "swiss"]
[EventRounds "11"]
[EventCountry "AUS"]
[SourceTitle "EXT 2022"]
[Source "ChessBase"]
[SourceDate "2021.10.06"]
[SourceVersion "1"]
[SourceVersionDate "2021.10.06"]
[SourceQuality "1"]

1. e4 Nf6 2. e5 Nd5 3. d4 d6 4. c4 Nb6 5. exd6 cxd6 6. h3 g6 7. Nf3 Bg7 8. Be2 0-0 9. 0-0 Nc6 10. Nc3 Bf5 11. Be3 Rc8 12. Rc1 Nb4 13. a3 Nc6 14. Nh4 Bd7 15. Nf3 Na5 16. b3 Bc6 17. d5 Be8 18. Bd2 Nd7 19. Ne4 b6 20. b4 Nb7 21. Bc3 Ne5 22. Nxe5 dxe5 23. f4 exf4 24. Bxg7 Kxg7 25. Rxf4 Nd6 26. Nxd6 Qxd6 27. Qd4+ f6 28. Bg4 Rd8 29. h4 e5 30. Qf2 exf4 31. Be6 Qe5 32. Re1 Qc3 33. h5 gxh5 34. Qh4 Qg3 0-1

[Event "AUS-ch Minor"]
[Site "Cammeray"]
[Date "2011.01.05"]
[Round "4"]
[White "Schwandl, Hans"]
[Black "Roche, Stephen"]
[Result "0-1"]
[WhiteElo "1448"]
[BlackElo "1301"]
[PlyCount "77"]
[EventDate "2011.01.02"]
[EventType "swiss"]
[EventRounds "11"]
[EventCountry "AUS"]
[SourceTitle "EXT 2012"]
[Source "ChessBase"]
[SourceDate "2011.11.24"]
[SourceVersion "1"]
[SourceVersionDate "2011.11.24"]
[SourceQuality "1"]

1. e4 e5 2. Nf3 Nc6 3. Bc4 Bc5 4. 0-0 Nf6 5. d3 0-0 6. Bg5 d6 7. h3 Na5 8. Bb3 c6 9. c3 Nxb3 10. axb3 Re8 11. Nbd2 b5 12. Re1 Bb6 13. Be3 c5 14. Nh2 Be6 15. c4 Bd7 16. Qf3 Qc8 17. Bg5 Bd8 18. Ra2 h6 19. Be3 Nh7 20. Rea1 Ng5 21. Qg3 Re6 22. Kf1 Rg6 23. Nhf3 Nxe4 24. Qh2 Nxd2+ 25. Nxd2 Qb7 26. Ne4 f5 27. Nc3 f4 28. Bd2 Bf5 29. Nxb5 Bxd3+ 30. Kg1 a6 31. Nc3 Be4 32. Nxe4 Qxe4 33. Bc3 Bh4 34. Qh1 Qc2 35. Rf1 Rf8 36. Be1 Qxb3 37. Ra3 Qxc4 38. g3 fxg3 39. fxg3 0-1